000 00472cam a2200181ua 4500
001 11856
008 191113n ii |||gr||||Z||||||eng
020 _a9788183331180
040 _cMAIN
082 _a005
100 _aYashavant P. Kanetkar,
_eAuthor.
245 _aTest your C skills
_cBy Yashavant P. Kanetkar
250 _a5th ed.
260 _aDelhi:
_bBpb publications,
_c2017.
300 _a508p.
653 _aComputer programming, programs & data
942 _cBK
999 _c10649
_d10649